Liechtensteinische Landwirtschaftszählung 1980 Landwirtschaft und Gartenbau
Guardado en:
| Formato: | Libro |
|---|---|
| Lenguaje: | alemán |
| Publicado: |
Vaduz
Amt für Volkswirtschaft
1980
|
| Etiquetas: |
Sin Etiquetas, Sea el primero en etiquetar este registro!
|
MARC
| LEADER | 00000nam a2200000 4500 | ||
|---|---|---|---|
| 001 | c130904 | ||
| 005 | 20041019155250.8 | ||
| 041 | 0 | |a ger | |
| 044 | |a LI | ||
| 245 | 1 | 0 | |a Liechtensteinische Landwirtschaftszählung 1980 |b Landwirtschaft und Gartenbau |
| 264 | 1 | |a Vaduz |b Amt für Volkswirtschaft |c 1980 | |
| 300 | |a 140 s. | ||